| Поле | Название | Значение |
| |
Тип записи |
i |
| |
Библиографический уровень |
m |
| 001 |
Контрольный номер |
RU/ГПНТБ России/KNIGADB/84(2Рос=Рус)6/П 31-752941531 |
| 005 |
Дата корректировки |
20260616095057.6 |
| 010 |
Индекс ISBN |
__ |
| a |
ISBN |
978-5-9677-2647-7 |
| b |
Уточнения |
в кор. |
| d |
Цена |
201-00 |
| 100 |
Данные общей обработки |
__ |
| a |
Данные общей обработки |
20201229d2017####m y0rusy0289 ca |
| 101 |
Язык документа |
0_ |
| a |
Язык текста |
rus |
| 102 |
Страна публикации |
__ |
| a |
Страна публикации |
RU |
| 105 |
Кодированные данные (монография) |
__ |
| a |
Кодированные данные (монография) |
|
| 106 |
Кодированные данные (форма документа) |
__ |
| a |
Кодированные данные для формы документа (Обозначение носителя) |
s |
| 125 |
Кодированные данные звукозаписи и нотных изданий |
__ |
| b |
Определитель литературного текста |
c |
| 126 |
Кодированные данные (звукозаписи-физические характеристики) |
__ |
| a |
Кодированные данные звукозаписи (общие) |
agbхhхх cd |
| b |
Кодированные данные звукозаписи (уточнения) |
xxx |
| 127 |
Кодированные данные (звукозаписи-физические характеристики) |
__ |
| a |
Продолжительность проигрывания |
1254## |
| 135 |
Кодированные данные (электронные ресурсы) |
__ |
| a |
Кодированные данные (электронные ресурсы) |
hongannnauuuu |
| 139 |
Кодированные данные (электронные ресурсы) |
__ |
| a |
Кодированные данные (электронные ресурсы) |
сaz |
| 181 |
Поле кодированных данных: вид содержания |
_0 |
| a |
Код вида содержания (ISBD) |
h |
| 182 |
Поле кодированных данных: тип средства |
_0 |
| a |
Код типа средства (ISBD) |
a |
| 200 |
Заглавие и сведения об ответственности |
1_ |
| a |
Заглавие |
Созерцатель |
| f |
Первые сведения об ответственности |
Алексей Пехов ; исполнитель Максим Зингаев ; звукорежиссер Антон Овчинников ; продюсер Константин Барышев |
| e |
Сведения, относящиеся к заглавию |
[аудиокнига] |
| 203 |
Вид содержания и тип средства |
__ |
| a |
Вид содержания |
Устная речь |
| c |
Тип средства |
аудио |
| 210 |
Выходные данные |
1_ |
| a |
Место издания |
Москва |
| c |
Издательство |
1С-Паблишинг |
| d |
Дата издания |
2017 |
| 215 |
Физическое описание |
__ |
| a |
Объем |
1 электрон. опт. диск (CD-ROM) (12 ч. 54 мин.) |
| d |
Формат |
12 см |
| c |
Иллюстрации/тип воспроизводства |
зв. |
| 225 |
Серия |
2_ |
| a |
Серия |
Фэнтези |
| 300 |
Общие примечания |
__ |
| a |
Общие примечания |
Заглавие с этикетки диска |
| 300 |
Общие примечания |
__ |
| a |
Общие примечания |
Данные в формате MP3 |
| 300 |
Общие примечания |
__ |
| a |
Общие примечания |
1-я книга дилогии, вторая - роман "Тень Ингениума" |
| 330 |
Аннотация |
__ |
| a |
Аннотация |
Риерта - город среди воды, сотканный из серебряных нитей дождя, пелены тумана, несбывшихся надежд и чугунной безнадеги. Родина мотории - нового индустриального божества, подмявшего под себя пар и уголь. Мотория принесла прогресс в каждый дом, а вместе с ним - боль, смерть и страх перед теми, кто скрывается в развалинах затопленных улиц и кто уже давно перестал быть людьми. Риерта не дружелюбна к чужакам, и приехавший сюда Итан Шелби, сам того не желая, ввязался в историю, сплетённую из мрачных тайн прошлого, опасностей и приключений. |
| 333 |
Примечание о целевом назначении |
__ |
| a |
Примечание о целевом назначении |
16+. Для детей старше 16 лет |
| 337 |
Примечание о системных требованиях (электронные ресурсы) |
__ |
| a |
Примечание о системных требованиях (электронные ресурсы) |
Системные требования: MS Windows 95/98/2000/XP/Vista/7/8/10 ; Pentium 100 ; ОЗУ 16 Мб ; монитор SVGA 800Х600 ; устройство чтения CD/DVD-ROM ; звуковая карта ; колонки или наушники ; мышь |
| 517 |
Другие варианты заглавия |
1_ |
| a |
Другие варианты заглавия |
Тень Ингениума |
| 606 |
Тематические рубрики |
__ |
| a |
Основная рубрика |
Художественная литература |
| 606 |
Тематические рубрики |
__ |
| a |
Основная рубрика |
Современная русская литература (произведения) |
| 610 |
Ключевые слова |
0_ |
| a |
Ключевые слова |
романы |
| 610 |
Ключевые слова |
0_ |
| a |
Ключевые слова |
фэнтези |
| 610 |
Ключевые слова |
0_ |
| a |
Ключевые слова |
фэнтези |
| 610 |
Ключевые слова |
0_ |
| a |
Ключевые слова |
тема магии |
| 610 |
Ключевые слова |
0_ |
| a |
Ключевые слова |
тема приключений |
| 610 |
Ключевые слова |
0_ |
| a |
Ключевые слова |
тема прошлого |
| 610 |
Ключевые слова |
0_ |
| a |
Ключевые слова |
тема тайн |
| 610 |
Ключевые слова |
0_ |
| a |
Ключевые слова |
современная проза |
| 686 |
Индексы других классификаций |
__ |
| 2 |
Код системы |
rubbks |
| a |
Классификационный индекс |
84(2=411.2)6-445я04; ст84(2=411.2)6-445я0 |
| 700 |
Автор |
_1 |
| a |
Фамилия |
Пехов |
| b |
Имя |
А. Ю. |
| g |
Полное личное имя |
Алексей Юрьевич |
| f |
Даты |
1978- |
| 4 |
Код отношения |
070 |
| 702 |
Вторичная интеллектуальная ответственность |
_1 |
| a |
Фамилия |
Зингаев |
| b |
Имя |
М. |
| g |
Полное личное имя |
Максим |
| 4 |
Код отношения |
590 |
| 702 |
Вторичная интеллектуальная ответственность |
_1 |
| a |
Фамилия |
Овчинников |
| b |
Имя |
А. |
| g |
Полное личное имя |
Антон |
| 4 |
Код отношения |
570 |
| 702 |
Вторичная интеллектуальная ответственность |
_1 |
| a |
Фамилия |
Барышев |
| b |
Имя |
К. |
| g |
Полное личное имя |
Константин |
| 4 |
Код отношения |
665 |
| 801 |
Источник записи |
_0 |
| b |
Организация |
ГПНТБ России |
| a |
Страна |
RU |
| c |
Дата составления |
20201229 |
| g |
Правила каталогизации |
PSBO |
| 801 |
Источник записи |
_1 |
| b |
Организация |
ГПНТБ России |
| a |
Страна |
RU |
| c |
Дата составления |
20201229 |
| g |
Правила каталогизации |
PSBO |
| 852 |
Данные о местонахождении |
5_ |
| i |
Авторский знак |
П 31 |
| j |
Шифр хранения |
84(2=411.2)6-445я04 |
| 900 |
Макрообъекты |
__ |
| a |
Макрообъекты |
Созерцатель, 2017 г (эл. ресурс) |
| 901 |
Тип документа |
__ |
| a |
Ответственный |
ООФиК/Волкова |
| t |
Тип документа |
0 |
| 903 |
Характеристики (МАРС) |
__ |
| a |
Дата передачи |
20210205 |
| c |
Наименование библиотеки (МАРС) |
Муниципальное бюджетное учреждение культуры "Централизованная библиотечная система" г. Сургут (Центральная городская библиотека им. А. С. Пушкина) |
| 969 |
Тип издания |
__ |
| a |
Тип издания |
издание для слепых |
| a |
Тип издания |
аудиокнига |
| 990 |
Данные о заказе (DOS) |
__ |
| j |
Количество экземпляров (DOS) |
2 |
| t |
N записи в КСУ для И/У (DOS) |
202102 |